|
|
|
|
| LEADER |
00000nam a2200000 a 4500 |
| 001 |
vtls009295178 |
| 003 |
SK-MaSNL |
| 005 |
20260301024028.0 |
| 008 |
240314s2003 au g 001 0 ger |
| 020 |
|
|
|a 320577096X
|q (viaz.)
|
| 040 |
|
|
|a SNK
|b slo
|c SNK
|e AACR2
|
| 041 |
0 |
|
|a ger
|
| 043 |
|
|
|a e-gx---
|
| 044 |
|
|
|a au
|a gw
|c AT
|c DE
|
| 072 |
|
7 |
|a 81
|x Lingvistika. Jazyky
|2 konspekt
|
| 072 |
|
7 |
|a 323
|x Vnútropolitický vývoj, politický život
|2 konspekt
|
| 080 |
|
|
|a 323.12(=411.16)
|2 2001
|
| 080 |
|
|
|a 81:1
|2 2001
|
| 080 |
|
|
|a (430)
|2 2001
|
| 080 |
|
|
|a (048.8)
|2 2001
|
| 100 |
1 |
|
|a Berger Waldenegg, Georg Christoph,
|d 1957-
|4 aut
|9 317388
|
| 245 |
1 |
0 |
|a Antisemitismus: "Eine gefährliche Vokabel?"
|b Diagnose eines Wortes
|c Georg Christoph Berger Waldenegg
|
| 260 |
|
|
|a Wien
|b Böhlau
|c c2003
|
| 300 |
|
|
|a 219 s.
|c 22 cm
|
| 504 |
|
|
|a Obsahuje bibliogr. a reg.
|
| 650 |
0 |
7 |
|a antisemitizmus
|2 SNKPH
|9 4246
|
| 650 |
0 |
7 |
|a filozofia jazyka
|2 SNKPH
|9 804
|
| 651 |
|
7 |
|a Nemecko
|2 SNKPH
|9 21020
|
| 655 |
|
7 |
|a štúdie
|2 SNKPH
|9 57033
|
| 919 |
|
|
|a 3-205-77096-X
|
| 999 |
|
|
|c 570339
|d 572269
|
| 952 |
|
|
|a SNK
|b SNK
|y VYP
|7 0
|p 17A0590330
|o snkIC 136637
|i snk2008/12121
|8 2
|g 26.46
|0 0
|1 0
|4 0
|d 2008-05-19
|l 0
|r 2026-02-23 14:13:07
|w 2026-02-23
|